000 00315nam a22001457a 4500
008 230907b ||||| |||| 00| 0 eng d
020 _a9781557781893
041 _aeng
080 _a101
082 _a101HYL
100 _a44
101 _aFILOZ
245 _aPHILOSOPHY OF SPORT
_cHYLAND .A.D
942 _2udc
_cBK
999 _c60285
_d60285